| 000 | 00892nam0a22002531 4500 | ||
|---|---|---|---|
| 001 | rc\481202 | ||
| 005 | 20250621101818.0 | ||
| 035 | _a(NLR Aleph) 005724039 | ||
| 090 |
_a7509463 _c7509463 |
||
| 100 | _a20030616d1987 |||y0rusy50 ca | ||
| 101 | 0 | _arus | |
| 102 | _aRU | ||
| 105 | _aa ||||||||| | ||
| 200 | 1 |
_aСправочник кардиолога по клинической фармакологии _fПод ред. Е.И. Чазова |
|
| 205 | _a2-е изд., перераб. и доп. | ||
| 210 |
_aМ. _cМедицина _d1987 |
||
| 215 |
_a367, [1] с. _cил. _d21 |
||
| 320 | _aУказ. лекарств. средств, заболеваний и синдромов: с. 356-365 | ||
| 700 | 1 |
_aМетелица _bВ.И. _gВладимир Исаакович |
|
| 801 | 0 |
_aRU _bNLR _gpsbo |
|
| 801 | 1 |
_aRU _bELAR _2rusmarc |
|
| 852 |
_aNLR _j87-3/5092 |
||
| 942 | _cBOOK | ||
| 980 | _aNB | ||